| Tag |
First Indicator |
Second Indicator |
Subfields |
| LEADER |
00000pam a2200000 a 4500 |
| 001 |
in00000069633 |
| 005 |
20151008054522.0 |
| 008 |
750403s1975 enk b 00110 engm |
| 010 |
|
|
|a 75011683
|
| 020 |
|
|
|z 0582487102.
|
| 020 |
|
|
|a 0582487110 (pbk.)
|
| 035 |
|
|
|a (OCoLC)01322979
|
| 035 |
|
|
|9 AAJ0900AM
|
| 040 |
|
|
|a DLC
|c DLC
|d m.c.
|d TXA
|d UtOrBLW
|
| 049 |
|
|
|a TXAM
|c [1387348]
|
| 050 |
0 |
0 |
|a HM258
|b .M223
|
| 082 |
0 |
|
|a 301.14
|
| 090 |
|
|
|a HM258
|b .M223 1978
|
| 100 |
1 |
|
|a McQuail, Denis.
|
| 245 |
1 |
0 |
|a Communication /
|c Denis McQuail.
|
| 264 |
|
1 |
|a London ;
|a New York :
|b Longman,
|c 1975
|
| 264 |
|
3 |
|c 1978 printing
|
| 300 |
|
|
|a viii, 229 pages ;
|c 22 cm.
|
| 336 |
|
|
|a text
|b txt
|2 rdacontent
|
| 337 |
|
|
|a unmediated
|b n
|2 rdamedia
|
| 338 |
|
|
|a volume
|b nc
|2 rdacarrier
|
| 490 |
1 |
|
|a Aspects of modern sociology : Social processes
|
| 500 |
|
|
|a Includes index.
|
| 504 |
|
|
|a Bibliography: pages 209-224.
|
| 650 |
|
0 |
|a Communication
|x Social aspects.
|
| 830 |
|
0 |
|a Aspects of modern sociology.
|p Social processes.
|
| 999 |
|
|
|a MARS
|
| 999 |
f |
f |
|s 7e0e4a82-07c2-3786-86d5-e77b40a6abf8
|i 81987c7a-f692-346e-9536-3ba55671c18a
|t 0
|
| 952 |
f |
f |
|p ric
|a Texas A&M University
|b Rellis Campus
|c Joint Library Facility
|d Remote Storage
|t 0
|e HM258 .M223 1978
|h Library of Congress classification
|i unmediated -- volume
|m A14806139812
|
| 998 |
f |
f |
|a HM258 .M223 1978
|t 0
|l Remote Storage
|